00503 2200193 4500001002100000005001500021008004100036020001800077035001900095041000700114082001000121090001600131100002100147245003900168260003600207300004000243500001100283650001500294INLIS00000000002563420241224131956241224||||||||| | ||| |||| || |  a979-489-765-5 0010-1224025634 aid0 a639.4 a639.4 KUN f0 aEKO BUDI KUNCORO00aFrontosa, Ikan Siklid Pembawa Hoki aJakartabPenebar Swadayac20004 a20,5x14,5 cm, viii, 96 hlm.; ilus.: aCet. 1 0aAgribisnis